| 000 | 01149cam a22001814a 4500 | ||
|---|---|---|---|
| 005 | 20250605164355.0 | ||
| 008 | 250528s ||||||||||||||||||||||||d | ||
| 035 | _a24280 | ||
| 040 |
_aGR-AtMCL _bgre _dGR-AtMCL _eAACR2 |
||
| 245 | 1 | _aMW EE - RF Microwave / Leveraging EM Analysis: K-Band Satcom GaN HPA Design Success | |
| 260 |
_bEuropean Business Press Sa, _c2020 |
||
| 300 | _a34 | ||
| 520 | _a2019 is the Year 5G Begins Its Long March, Swiss Startup to Market 3D Printed Satellite Antenna Tech, UWB Demonstration Showcases Automotive Applications, Cover Feature: Leveraging EM Analysis: K-Band Satcom GaN HPA Design Success, Trade-Offs when Selecting the Optimum Transmission Line for Frequencies up to 110 GHz, Wireless Networks: LTE Coverage Using Helicopters and UAVs, Material Properties to Consider when Choosing PCB Materials for 5G Base Stations, Wireless Networks: Virtual Antenna: Easy Design of loT Devices with Embedded Antennas, BPSK Wireless Data Modulator Simplifies Design, Dual-Band WiFi/ WLAN Antenna for Surface-Mount Applications. | ||
| 700 | 1 |
_aJoosting Jean-Pierre _99443 |
|
| 942 | _cCR | ||
| 999 |
_c9170 _d9170 |
||